Multiple Choice City Quiz – Mecca - Statistics

General Stats
  • This quiz has been taken 11,711 times
    11,705 since last reset
  • The average score is 7 of 10
Answer Stats
Question Answer % Correct
What Islamic pilgrimage brings millions of people to Mecca each year? Hajj
91%
How many times per day are devout Muslims supposed to pray towards Mecca every day? Five times
89%
What is the name of the black cube-shaped building at the center of the Grand Mosque? Kaaba
85%
Who are forbidden to enter Mecca? Non-Muslims
82%
What body of water is located about 70 kilometers west of Mecca? Red Sea
74%
According to the Saudi government, how should Mecca be spelled in English? Makkah
66%
What does Mecca's tallest building have on it? The world's largest clock
60%
What is the name of Muhammad’s migration from Mecca to Medina in 622? Hijrah
55%
What is the location near Mecca where Muhammad received his first revelation? Cave of Hira
52%
What was the title of the person who was responsible for governing Mecca and protecting the holy sites before the 20th century? Sharif
23%
No matching quizzes found
Score Distribution
Percent of People with Each Score
Percentile by Number Answered
Your Score History
You have not taken this quiz since the last reset